Tratado de Patologia quirurgica. Bases biologicas de la practica moderna (Registro nro. 2994)
[ vista simple ]
| 000 -LEADER | |
|---|---|
| fixed length control field | 00317dam a22001097a 4500 |
| 008 - FIXED-LENGTH DATA ELEMENTS--GENERAL INFORMATION | |
| fixed length control field | 190531e1995 mx ||||| |||| 00| 0 spa d |
| 100 ## - MAIN ENTRY--PERSONAL NAME | |
| Personal name | Sabiston, David |
| 245 ## - TITLE STATEMENT | |
| Title | Tratado de Patologia quirurgica. Bases biologicas de la practica moderna |
| 250 ## - EDITION STATEMENT | |
| Edition statement | 14a ed. |
| 260 ## - PUBLICATION, DISTRIBUTION, ETC. (IMPRINT) | |
| Place of publication, distribution, etc | Mexico |
| Name of publisher, distributor, etc | Interamericana |
| Date of publication, distribution, etc | 1995 |
| 500 ## - GENERAL NOTE | |
| General note | Baja |
| Withdrawn status | Lost status | Source of classification or shelving scheme | Damaged status | Use restrictions | Not for loan | Location (home branch) | Sublocation or collection (holding branch) | Date acquired | Koha issues (times borrowed) | Piece designation (barcode) | Koha date last seen | Copy number | Price effective from | Koha item type | Public note |
|---|---|---|---|---|---|---|---|---|---|---|---|---|---|---|---|
| Dewey Decimal Classification | Restricted Access | Not For Loan | Biblioteca Medicina | Biblioteca Medicina | 31/05/2019 | 1984 | 31/05/2019 | Ej. 1 Vol. 1 | 31/05/2019 | Libros | Baja | ||||
| Dewey Decimal Classification | Restricted Access | Not For Loan | Biblioteca Medicina | Biblioteca Medicina | 31/05/2019 | 1985 | 31/05/2019 | Ej. 1 Vol. 2 | 31/05/2019 | Libros | Baja | ||||
| Dewey Decimal Classification | Restricted Access | Not For Loan | Biblioteca Medicina | Biblioteca Medicina | 31/05/2019 | 1986 | 31/05/2019 | Ej. 2 Vol. 1 | 31/05/2019 | Libros | Baja |